000 00478nam a2200181Ia 4500
008 240925s9999 xx 000 0 und d
020 _a9789353063153
082 _a658.872 LAU
100 _aLaudon, Kenneth C.
245 0 _aE-Commerce: business, technology, society
250 _a13th
260 _aNew Delhi:
_bPearson Education
_c,2018.
300 _a649p.
_b0
_fOriginal
500 _aIncludes Index
600 _aSocial Sciences
650 _aManagement
942 _cBK
999 _c15123
_d15123